Nové dane meškajú
Od začiatku roka 2007 mali platiť nové spotrebné dane na energiu nadiktované Bruselom. Slovenská vláda ešte nemá pripravenú ani finálnu verziu návrhu príslušnej legislatívy. Domácnosti by mali byť oslobodené od zvýšenia dane za energiu (elektrina a palivá použité na výrobu tepla). Zatiaľ Slovensku n...
Enregistré dans:
| Auteur principal: | |
|---|---|
| Format: | Chapitre de livre |
| Langue: | slovaque |
| Sujets: | |
| Tags: |
Pas de tags, Soyez le premier à ajouter un tag!
|
MARC
| LEADER | 00000naa$a2200000$$$4500 | ||
|---|---|---|---|
| 001 | 0052979 | ||
| 005 | 20231009072854.0 | ||
| 041 | 0 | |a slo | |
| 044 | |a SK | ||
| 245 | 1 | 0 | |a Nové dane meškajú |c Peter Marčan |
| 520 | |a Od začiatku roka 2007 mali platiť nové spotrebné dane na energiu nadiktované Bruselom. Slovenská vláda ešte nemá pripravenú ani finálnu verziu návrhu príslušnej legislatívy. Domácnosti by mali byť oslobodené od zvýšenia dane za energiu (elektrina a palivá použité na výrobu tepla). Zatiaľ Slovensku nehrozia sankcie za nedodržanie termínu zo strany EÚ, ale vývoj situácie únia sleduje. Aké by mali byť nové spotrebné dane. | ||
| 610 | 2 | 0 | |a dane spotrebné |
| 610 | 2 | 0 | |a energia |
| 610 | 2 | 0 | |a domácnosti |
| 610 | 2 | 0 | |a firmy |
| 610 | 2 | 0 | |a Slovensko |
| 100 | 1 | |a Marčan, Peter | |